[Event "Baden-Baden Autumn op"]
[Site "Baden-Baden"]
[Date "2023.11.04"]
[Round "4"]
[White "Feil, Stephan"]
[Black "Berg, Paul"]
[Result "1-0"]
[WhiteElo "2064"]
[BlackElo "1667"]
[PlyCount "103"]
[EventDate "2023.11.02"]
[EventType "swiss"]
[EventRounds "7"]
[EventCountry "GER"]
[SourceTitle "CB46_2023"]
[SourceDate "2023.11.15"]
[SourceVersion "1"]
[SourceVersionDate "2023.11.15"]
[SourceQuality "1"]
[WhiteTeam "Germany"]
[BlackTeam "Germany"]
[WhiteTeamCountry "GER"]
[BlackTeamCountry "GER"]

1. e4 c5 2. Nc3 Nc6 3. Bb5 Nd4 4. Nf3 a6 5. Bd3 g6 6. 0-0 Bg7 7. Re1 Nxf3+ 8. Qxf3 d6 9. a3 Rb8 10. b4 cxb4 11. axb4 b5 12. Bb2 Nf6 13. Nd5 e5 14. c4 Nxd5 15. cxd5 0-0 16. Rec1 Bb7 17. Qe3 f5 18. f3 f4 19. Qf2 Bf6 20. Bf1 Bh4 21. g3 fxg3 22. hxg3 Bg5 23. Bh3 Bc8 24. Bxc8 Rxc8 25. Rxa6 Rxc1+ 26. Bxc1 h5 27. Kg2 h4 28. g4 Qf6 29. Ra3 Rc8 30. Bb2 Rc2 31. Bc3 Rc1 32. Ra8+ Kg7 33. Ra7+ Kg8 34. Ra8+ Kg7 35. Ra1 Rxa1 36. Bxa1 Qf4 37. Bc3 Bd8 38. d3 g5 39. Bd2 Qf7 40. Be3 Qc7 41. d4 Qc4 42. dxe5 dxe5 43. Qd2 Kg6 44. d6 h3+ 45. Kxh3 Qf1+ 46. Kg3 Qh1 47. d7 Qh8 48. Qd6+ Bf6 49. Bb6 Qh4+ 50. Kg2 Qe1 51. d8Q Qe2+ 52. Bf2 1-0

[Event "Baden-Baden Autumn op"]
[Site "Baden-Baden"]
[Date "2023.11.03"]
[Round "3"]
[White "Toenniges, Thomas"]
[Black "Berg, Paul"]
[Result "1/2-1/2"]
[WhiteElo "2063"]
[BlackElo "1667"]
[PlyCount "86"]
[EventDate "2023.11.02"]
[EventType "swiss"]
[EventRounds "7"]
[EventCountry "GER"]
[SourceTitle "CB46_2023"]
[SourceDate "2023.11.15"]
[SourceVersion "1"]
[SourceVersionDate "2023.11.15"]
[SourceQuality "1"]
[WhiteTeam "Germany"]
[BlackTeam "Germany"]
[WhiteTeamCountry "GER"]
[BlackTeamCountry "GER"]

1. e4 c5 2. Nf3 Nc6 3. c4 e5 4. Nc3 d6 5. d3 Nge7 6. Be2 g6 7. Bg5 Bg7 8. Nd5 0-0 9. Qd2 f6 10. Be3 Be6 11. 0-0 Nd4 12. Nxd4 cxd4 13. Bh6 f5 14. Bxg7 Kxg7 15. f4 fxe4 16. dxe4 Qd7 17. fxe5 dxe5 18. Qg5 Nc6 19. b4 Bxd5 20. cxd5 Qe7 21. Qxe7+ Nxe7 22. Rac1 Rxf1+ 23. Kxf1 Rc8 24. Rb1 Rc3 25. Ke1 Nc8 26. Kd2 Nd6 27. Bd3 Ra3 28. Rb2 Kf7 29. Rc2 Rc3 30. Rxc3 dxc3+ 31. Kxc3 b6 32. a4 h6 33. Bc2 Kg7 34. Kd3 Kf7 35. Bd1 Kg7 36. h4 Kf7 37. Be2 Kg7 38. Ke3 Kf7 39. Bd3 Kg7 40. Kf3 Kf7 41. g4 Kg7 42. Ke3 g5 43. h5 Kf6 1/2-1/2